1304 1729 1962 1810 1140 1495 1281 1052 1960 1999 1216 1220 1933 1742 1612 1924 1548 1111 1066 1830 1999 1722 1301 1046 1919 1101 1075 1194 1154 1308 1217 1682 1884 1275 1714 1157 1430 1993 1654 1994 1084 1708 1417 1167 1838 1338 1708 1821 1813 1541 1201 1239 1577 1362 1270 1804 1450 1514 1413 1439 1157 1306 1797 1457 1222 1135 1696 1054 1606 1503 1772 1230 1818 1090 1425 1482 1306 1448 1915 1712 1903 1560 1221 1872 1030 1702 1681 1024 1676 1730 1645 1684 2000 1053 1036 1050 1612 1538 1223 BCNSPRNW ULIB Ver.6.0+V

เปลี่ยนเป็นภาษาไทย

Change to English
 แสดงรายละเอียดบรรณานุกรม
  กลับหน้าหลัก

Brief Record : Get Marc (ISO 2709) : E-mail record : QR code < ปิดหน้าต่าง
LEADER : 00000nam 2200000uu 4500
001    13399127035
003     ULIB
008    020711s2561 th a 000 0 tha d
020    ^a9786163920447
060    ^aWS103^bก344ห
110 1  ^aกองบรรณาธิการสำนักพิมพ์โลกหนังสือ
245    ^aหมาป่ากับลูกแพะเจ็ดตัว ชุดนิทานคลาสสิก 2 ภาษา า (ไทย-อังกฤษ) หนูอ่านเองได้
250    ^aพิมพ์ครั้งที่ 1
260    ^aกรุงเทพฯ :^bบริษัทสำนักพิมพ์โลกหนังสือ จำกัด,^c2561
300    ^a12 หน้า;^b21 ซม.
650    ^aเด็ก^xการเรียนการสอน
945    ^p50^l0^i006223
999    ^aประนอม เกษจรัล
รายการนี้ยังไม่มีแท็ก
คุณยังไม่ได้ล็อกอิน คุณสามารถมีกิจกรรมร่วมกับเว็บไซต์ได้ แต่ต้องล็อกอินก่อน ::
  ล็อกอิน

รายการสื่อสารสนเทศ

ลำดับที่ ประเภท เลขเรียก/บาร์โค้ด สถานที่ สถานะ
1. วิทยาศาสตร์การแพทย์ และสุขภาพ
วิทยาศาสตร์การแพทย์ และสุขภาพ
WS103 ก344ห ฉ.1 
  Barcode: 006223
ห้องสมุดวิทยาเขตสวรรค์ประชารักษ์
►หนังสือทั่วไป
ถูกยืม กำหนดส่งวันที่ 25 เมษายน 2568
  จอง

BibComment


ยังไม่เคยถูกคอมเมนท์

คอมเมนท์ทรัพยากรรายการนี้
  คอมเมนท์: หมาป่ากับลูกแพะเ..


 Copyright 2026. Bcnsprnw @Library